Loading...

Punarjanmavimarsah (rebirth : a critical study)

Bibliografiske detaljer
Hovedforfatter: Dharmendrakumar Sinhadev
Format: Printed Book
Udgivet: Jammu Veenapani 2008
Fag:
LEADER 00600nam a22001811a 4500
020 |c 0.00 
040 |a SSUS - Library - Kalady 
082 |a H 202.3  |b DHA/P 
100 |a Dharmendrakumar Sinhadev 
245 |a Punarjanmavimarsah (rebirth : a critical study)  |h [Text] 
260 |a Jammu  |b Veenapani  |c 2008 
300 |a 248p. 
600 |a Rebirth Religion 
600 |a Religion 
852 |h H 202.3  |i DHA/P  |p 059177  |9 500.00  |t 0 
942 |c BK 
999 |c 36485  |d 36485 
952 |0 0  |1 0  |4 0  |6 H_202_300000000000000_DHA_P  |7 0  |9 52722  |a SSUS  |b SSUS  |d 2015-01-08  |g 500.00  |o H 202.3 DHA/P  |p 059177  |r 2015-01-08  |v 0.00  |w 2015-01-08  |y BK